eternal sunshine (slightly deluxe) - Album (Ariana Grande) - Statistics

General Stats
  • This quiz has been taken 20 times
  • The average score is 16 of 17
Answer Stats
# Title % Correct
2. bye
100%
5. eternal sunshine
100%
12. imperfect for you
100%
15. (acoustic) imperfect for you
100%
8. the boy is mine
100%
10. we can't be friends (wait for your love)
100%
9. yes, and?
100%
17. (with Mariah Carey-remix) yes, and?
100%
3. don't wanna break up again
91%
1. intro (end of the world)
91%
11. i wish i hated you
91%
13. (feat. Nonna) ordinary things
91%
4. (Intelude) Saturn Returns
91%
6. supernatural
91%
14. (with Troye Sivan) supernatural
91%
7. true story
82%
16. (a capella) true story
82%
No matching quizzes found
Score Distribution
Percent of People with Each Score
Percentile by Number Answered
Your Score History
You have not taken this quiz